000 00380nam a2200145 a 4500
005 20140414131855.0
008 100825s19uu xx 00 eng d
050 _aM 591.52
_bW55 2008
245 _aWhy are lions lazy.
260 _bMiles Kelly,
_c2008.
440 _aFirst questions and answers
650 _aBig cats
_xJuvenile literature
650 _aLions
999 _c110418
_d110418